<?xml version="1.0" encoding="UTF-8"?>
<collection xmlns="http://www.loc.gov/MARC21/slim">
 <record>
  <leader>     na                 </leader>
  <controlfield tag="001">INLIS000000000016123</controlfield>
  <controlfield tag="005">20150112171904.0</controlfield>
  <datafield tag="035" ind1=" " ind2=" ">
   <subfield code="a">0010-011500000008896</subfield>
  </datafield>
  <datafield tag="082" ind1=" " ind2=" ">
   <subfield code="a">530</subfield>
  </datafield>
  <datafield tag="100" ind1=" " ind2=" ">
   <subfield code="a">Drs. Sudaryanto, Sri Sukabdiah, Hasan Basri, P.K. Barus</subfield>
  </datafield>
  <datafield tag="245" ind1=" " ind2=" ">
   <subfield code="a">Seri IPA untuk SMP FISIKA Sesuai Dengan GBPP yang Disempurnakan</subfield>
  </datafield>
  <datafield tag="250" ind1=" " ind2=" ">
   <subfield code="a">4/2</subfield>
  </datafield>
  <datafield tag="260" ind1=" " ind2=" ">
   <subfield code="a">Jakarta</subfield>
   <subfield code="b">Bina Budhaya</subfield>
   <subfield code="c">1991</subfield>
  </datafield>
  <datafield tag="300" ind1=" " ind2=" ">
   <subfield code="a">230 hlm .</subfield>
  </datafield>
  <datafield tag="990" ind1=" " ind2=" ">
   <subfield code="a">8049</subfield>
  </datafield>
 </record>
</collection>
